000 00606nam a2200205Ii 4500
003 JO-AjNU
008 230605s9999||||xx |||||||||||||| ||und||
040 _aJO-AjNU
_bara
_erda
_cJO-AjNU
041 _aara
050 1 4 _aNC590.H3 1991
100 3 _aخميس،حمدي تأليف,
_eauthor
_99802
245 0 0 _aطرق تدريس الفنون
250 _aط2
264 3 1 _aالمؤلف:د.ن,1991
300 _a247ص
336 _atext
_btxt
_2rdacontent
337 _aunmediated
_bn
_2rdamedia
338 _avolume
_bnc
_2rdacarrier
650 4 _aالرسم-فنون-طرق تدريس الفنون
_99803
999 _aA1485
_c5053
_d5053